000 00829nam a22002177a 4500
999 _c157965
_d157965
005 20181011171749.0
010 _aB-685714 B-709308
020 _a9788193332832
_c460.00
035 _aB-685714 B-709308
037 _bPANSY BOOKS(RP)
082 _a000
100 _aYadav, Rakesh
245 _a7300+SSC general studies /
_cby Rakesh Yadav
250 _a3rd ed.
260 _aDelhi
_bRakesh Yadav Readres Publication
_c2018
270 _a521, 3rrd floor, mukherjee Nagar
_bDelhi
_e110009
300 _a893p.
_c28cm(pbk)
500 _aEach question with detailed video solution 1999-Till date
942 _2ddc
_cEN
_h000
_mYAD